| 000 | 00559nam a2200193 4500 | ||
|---|---|---|---|
| 003 | OSt | ||
| 005 | 20170303153731.0 | ||
| 008 | 170303b xxu||||| |||| 00| 0 eng d | ||
| 020 | _a033366059 | ||
| 040 | _c040a | ||
| 082 |
_aWQ 160 _bK682 1996 |
||
| 100 |
_aKlein, Susan _911755 |
||
| 245 |
_aA book for midwives : _ba handbook for community midwives and traditional birth attendants / _cSusan Klein |
||
| 260 |
_aLondon _bMacmillan _c1996 |
||
| 300 |
_aiv, 517p; _bill : _c15 cm. |
||
| 504 | _aIncludes index | ||
| 650 |
_aMidwifery _9481 |
||
| 942 |
_2z _cO_SHELF |
||
| 999 |
_c5641 _d5641 |
||